Dead by Daylight Survivors by Picture - Statistics

General Stats
  • This quiz has been taken 210 times
  • The average score is 29 of 34
Answer Stats
Picture Answer % Correct
Dwight Fairfield
99%
William "Bill" Overbeck
97%
Jake Park
96%
Meg Thomas
96%
Feng Min
95%
David King
94%
Nea Karlsson
94%
Ace Visconti
93%
Ada Wong
93%
Claudette Morel
93%
Leon Kennedy
92%
Kate Denson
91%
Laurie Strode
91%
Nancy Wheeler
91%
Steve Harrington
91%
Yui Kimura
89%
Jill Valentine
88%
Detective Tapp
87%
Jane Romero
87%
Adam Francis
86%
Ashley J. Williams
86%
Felix Richter
83%
Jeff Johansen
83%
Quentin Smith
83%
Mikaela Reid
82%
Yun-Jin Lee
82%
Cheryl Mason
81%
Elodie Rakoto
80%
Rebecca Chambers
80%
Zarina Kassir
77%
Jonah Vasquez
71%
Haddie Kaur
69%
Vittorio Toscano
69%
Yoichi Asakawa
62%
No matching quizzes found
Score Distribution
Percent of People with Each Score
Percentile by Number Answered
Your Score History
You have not taken this quiz